1145 1653 1203 1006 1839 1476 1035 1977 1026 1985 1154 1126 1321 1774 1564 1918 1399 1682 1396 1248 1765 1304 1188 1225 1760 1542 1298 1577 1161 1850 1697 1434 1336 1699 1803 1968 1672 1368 1553 1075 1804 1227 1287 1722 1154 1172 1337 1949 1721 1407 1594 1091 1647 1126 1052 1514 1821 1959 1545 1555 1251 1552 1333 1263 1146 1578 1045 1006 1127 1893 1336 1036 1147 1264 1675 1393 1547 1516 1444 1935 1449 1331 1181 1186 1472 1489 1486 1965 1521 1327 1048 1123 1665 1476 1418 1700 1924 1361 1369 BCNSPRNW ULIB Ver.6.0+V

เปลี่ยนเป็นภาษาไทย

Change to English
 แสดงรายละเอียดบรรณานุกรม
  กลับหน้าหลัก

Brief Record : Get Marc (ISO 2709) : E-mail record : QR code < ปิดหน้าต่าง
LEADER : 00000nam 2200000uu 4500
001    13399126287
003     ULIB
008    180830s||||||||th 000 0 tha d
020    ^a9786167829593
060 04 ^aWY159^bช221ก
100 0  ^aชลดา จันทร์ขาว
245 10 ^aการพยาบาลทารกแรกเกิด /^cชลดา จันทร์ขาว
250    ^aพิมพ์ครั้งที่ 2
260    ^aกรุงเทพฯ :^bภาควิชาการพยาบาลเด็กและการผดุงครรภ์วิทยาลัยพยาบาลสภากาชาดไทย,^c2560
300    ^aก-ซ, 158 หน้า :^bภาพประกอบ ;^c27 ซม.
650  4 ^aการพยาบาลกุมารเวชศาสตร์
650  4 ^aทารกแรกเกิด
710 2  ^aวิทยาลัยพยาบาลสภากาชาดไทย.^bภาควิชาการพยาบาลเด็กและการผดุงครรภ์
945    ^p260^l0^i26484
945    ^p260^l0^i26485
945    ^p260^l0^i26486
945    ^p260^l0^i26487
945    ^p260^l0^i26488
995    ^aกัณชพร
999    ^aกัณชพร
รายการนี้ยังไม่มีแท็ก
คุณยังไม่ได้ล็อกอิน คุณสามารถมีกิจกรรมร่วมกับเว็บไซต์ได้ แต่ต้องล็อกอินก่อน ::
  ล็อกอิน

รายการสื่อสารสนเทศ

ลำดับที่ ประเภท เลขเรียก/บาร์โค้ด สถานที่ สถานะ
1. หนังสือสำรอง
หนังสือสำรอง
WY159 ช221ก ฉ.1 
  Barcode: 26484
ห้องสมุดวิทยาเขตนครสวรรค์
►ส่วนจัดเก็บหนังสือเก่า นว.
บนชั้น
  ขอยืม
2. วิทยาศาสตร์การแพทย์ และสุขภาพ
วิทยาศาสตร์การแพทย์ และสุขภาพ
WY159 ช221ก ฉ.2 
  Barcode: 26485
ห้องสมุดวิทยาเขตนครสวรรค์
►ส่วนจัดเก็บหนังสือเก่า นว.
บนชั้น
  ขอยืม
3. วิทยาศาสตร์การแพทย์ และสุขภาพ
วิทยาศาสตร์การแพทย์ และสุขภาพ
WY159 ช221ก ฉ.3 
  Barcode: 26486
ห้องสมุดวิทยาเขตนครสวรรค์
►ส่วนจัดเก็บหนังสือเก่า นว.
บนชั้น
  ขอยืม
4. วิทยาศาสตร์การแพทย์ และสุขภาพ
วิทยาศาสตร์การแพทย์ และสุขภาพ
WY159 ช221ก ฉ.4 
  Barcode: 26487
ห้องสมุดวิทยาเขตนครสวรรค์
►ส่วนจัดเก็บหนังสือเก่า นว.
บนชั้น
  ขอยืม
5. วิทยาศาสตร์การแพทย์ และสุขภาพ
วิทยาศาสตร์การแพทย์ และสุขภาพ
WY159 ช221ก ฉ.5 
  Barcode: 26488
ห้องสมุดวิทยาเขตนครสวรรค์
►หนังสือทั่วไป:l:General Books
ถูกยืม กำหนดส่งวันที่ 1 มีนาคม 2569
  จอง

รายการใกล้เคียง
    ผู้แต่ง [ชลดา จันทร์ขาว]

    หัวเรื่อง [การพยาบาลกุมารเวชศาสตร์]
    หัวเรื่อง [ทารกแรกเกิด]

BibComment


ยังไม่เคยถูกคอมเมนท์

คอมเมนท์ทรัพยากรรายการนี้
  คอมเมนท์: การพยาบาลทารกแรก..


 Copyright 2026. Bcnsprnw @Library